| 000 | 00458cam a22001934a 4500 | ||
|---|---|---|---|
| 005 | 20250605164306.0 | ||
| 008 | 250528s ||||||||||||||||||||||||d | ||
| 035 | _a22253 | ||
| 020 | _a9780230575844 | ||
| 040 |
_aGR-AtMCL _bgre _dGR-AtMCL _eAACR2 |
||
| 245 | 1 | _aDISCOVERING LEADERSHIP | |
| 250 | _a1 | ||
| 260 |
_bPalgrave Macmillan, _c2009 |
||
| 300 | _a378 | ||
| 700 | 1 |
_aBillsberry Jon _92952 |
|
| 942 | _cBK | ||
| 999 |
_c7309 _d7309 |
||